00485nam a2200181Ia 4500003000400000005001700004008004100021020002200062040002900084050002700113100001800140245003400158250000800192260003100200300002700231650002200258700002300280OSt20230323114812.0221221s9999 xx 000 0 und d a978-0-073-100-234 cChuka University Library aBSL HF 5681 bW55 2007 aWild, John J. 0aFinancial statement analysis/ a9th aMcgraw hill bBostonc2007 a655 P.bincludes Index afinancial STAMENT asURAMANYYAN , K.R.